Country Based Puns - Statistics

General Stats
  • This quiz has been taken 714 times
    314 since last reset
  • The average score is 7 of 18
Answer Stats
Hint Answer % Correct
I haven't eaten in days, I'm really ___. Hungary
96%
Yesterday, ___ 3 miles. Iran
81%
I hate bacon, it's covered in ___. Greece
72%
On Christmas/thanksgiving dinner, we eat ___. Turkey
71%
When i fall, ___ on my feet. Ireland
57%
Sorry, I have ___ now! Togo
55%
I'm cold, it's very ___ out there. Chile
48%
There is good news, your tumour is ___. Benin
35%
Slow down! ___ for me! Kuwait
33%
It's ___ be a lot of fun! Ghana
32%
When I'm late I'm always ___'n around! Russia
32%
When we play Billiards, ___, you break. Iraq
26%
___ turn off the light for me? Kenya
19%
I won't ___ you to pass. Palau
8%
___'n some bacon? Jamaica
7%
Shake ___! Djibouti
6%
That is awful! I am ___'d. Nepal
6%
Let Dave go first, ___ afterwards. Denmark
4%
No matching quizzes found
Score Distribution
Percent of People with Each Score
Percentile by Number Answered
Your Score History
You have not taken this quiz since the last reset